000 00181 a2200097 4500
020 _a9789582402419
041 _aspa
100 _aSantillana
245 _aMatematicos 6
942 _cBK
999 _c16086
_d16086